第二产业占比≥50%的地级市 Top 46 Prefectures by second industry proportion(2022) - Statistics

General Stats
  • This quiz has been taken 92 times
  • The average score is 17 of 46
Answer Stats
城市 二产比重/% % Correct
鄂尔多斯 68.9
79%
大庆 59.5
75%
榆林 72.7
72%
克拉玛依 72.2
70%
包头 52.7
67%
唐山 55.4
65%
乌海 73.0
63%
金昌 71.1
52%
嘉峪关 66.7
49%
东莞 58.2
49%
东营 57.8
49%
延安 62.8
48%
泉州 56.9
47%
攀枝花 55.5
44%
佛山 56.2
43%
阳泉 55.6
41%
吕梁 69.6
40%
本溪 50.4
40%
抚顺 50.0
40%
临汾 55.8
38%
晋城 66.0
37%
长治 65.8
36%
忻州 53.0
36%
哈密 66.5
35%
吐鲁番 52.8
35%
宝鸡 57.5
33%
晋中 55.7
33%
宁德 57.6
30%
盘锦 54.9
30%
漳州 50.1
30%
石嘴山 55.3
28%
莆田 52.3
27%
惠州 55.9
25%
宜宾 50.3
23%
吴忠 52.1
22%
泸州 51.2
22%
庆阳 54.0
20%
鹰潭 52.5
20%
三明 50.8
19%
鹤壁 56.5
17%
嘉兴 55.2
16%
湖州 51.1
14%
湘潭 51.4
12%
防城港 53.5
11%
滁州 50.1
9%
许昌 52.0
6%
No matching quizzes found
Score Distribution
Percent of People with Each Score
Percentile by Number Answered
Your Score History
You have not taken this quiz